Southville International School and Colleges
Your cart is empty.
  • Cart
  • Lists
    Public lists Eva Luna New books Lux_list list_1
    Your lists Log in to create your own lists
  • Log in to your account
  • Your cookies
  • Search history
Southville International School and Colleges
  • Advanced search
  • Recent comments
  • Most popular
  • Libraries

Log in to your account

Log in with GOOGLE


If you do not have an external account, but do have a local account, you can still log in:

  1. Home
  2. MARC view: La voz de la conseja, t.I
Normal view MARC view ISBD view

La voz de la conseja, t.I (Record no. 270079)

[ view plain ]
MARC details
000 -LEADER
fixed length control field 00688cam a22002293a 4500
001 - CONTROL NUMBER
control field 40827
003 - CONTROL NUMBER IDENTIFIER
control field PGUSA
005 - DATE AND TIME OF LATEST TRANSACTION
control field 20140828083919.0
008 - FIXED-LENGTH DATA ELEMENTS--GENERAL INFORMATION
fixed length control field 120922s2012||||xxu|||||s|||||000 | eng d
040 ## - CATALOGING SOURCE
Original cataloging agency PGUSA
Language of cataloging eng
042 ## - AUTHENTICATION CODE
Authentication code dc
100 1# - MAIN ENTRY--PERSONAL NAME
Personal name Benavente, Jacinto,
Dates associated with a name 1866-1954
245 10 - TITLE STATEMENT
Title La voz de la conseja, t.I
Medium [electronic resource] /
Statement of responsibility, etc Jacinto Benavente
260 ## - PUBLICATION, DISTRIBUTION, ETC. (IMPRINT)
Name of publisher, distributor, etc Project Gutenberg,
Date of publication, distribution, etc 2012
506 ## - RESTRICTIONS ON ACCESS NOTE
Terms governing access Public domain in the USA.
516 ## - TYPE OF COMPUTER FILE OR DATA NOTE
Type of computer file or data note Electronic text
700 1# - ADDED ENTRY--PERSONAL NAME
Personal name Pardo Bazán, Emilia, condesa de,
Dates associated with a name 1852-1921
700 1# - ADDED ENTRY--PERSONAL NAME
Personal name Carrere, Emilio,
Dates associated with a name 1881-1947
830 #0 - SERIES ADDED ENTRY--UNIFORM TITLE
Uniform title Project Gutenberg
Volume number/sequential designation 40827
856 40 - ELECTRONIC LOCATION AND ACCESS
Uniform Resource Identifier <a href="http://www.gutenberg.org/ebooks/40827">http://www.gutenberg.org/ebooks/40827</a>
942 ## - ADDED ENTRY ELEMENTS (KOHA)
Koha item type eBooks
Holdings
Withdrawn status Lost status Damaged status Home library Current library Date acquired Total Checkouts Date last seen Price effective from Koha item type
      Project Gutenberg Project Gutenberg 08/28/2014   08/28/2014 08/28/2014 eBooks

La voz de la conseja, t.I

APA

Benavente J., Pardo Bazán E. c. d. & Carrere E. (2012). La voz de la conseja, t.I. : Project Gutenberg.

Chicago

Benavente Jacinto, Pardo Bazán Emilia condesa de and Carrere Emilio. 2012. La voz de la conseja, t.I. : Project Gutenberg.

Harvard

Benavente J., Pardo Bazán E. c. d. and Carrere E. (2012). La voz de la conseja, t.I. : Project Gutenberg.

MLA

Benavente Jacinto, Pardo Bazán Emilia condesa de and Carrere Emilio. La voz de la conseja, t.I. : Project Gutenberg. 2012.

  • Place hold
  • Print
  • Cite
  • Add to your cart (remove)
  • Save record
    BIBTEX Dublin Core MARCXML MARC (non-Unicode/MARC-8) MARC (Unicode/UTF-8) MARC (Unicode/UTF-8, Standard) MODS (XML) RIS
  • More searches
    Search for this title in:
    Other Libraries (WorldCat) Other Databases (Google Scholar) Online Stores (Bookfinder.com) Open Library (openlibrary.org)

Exporting to Dublin Core...

SOUTHVILLE LIBRARY

Southville International School and Colleges Library

1281 Tropical Ave. Cor. Luxembourg St., BF Homes International, Las Pinas City

Tel. No. 8256374 / 252358 Loc. 117/146

Powered by Koha